[Event "AUTO-OPEN-925"]
[Site "http://www.queenalice.com/game.php?id=435280"]
[Date "2008.7.18"]
[Round "2"]
[White "K19"]
[Black "gomery"]
[Result "1-0"]
[WhiteElo "2215"]
[BlackElo "1819"]

1. d4 d5 2. c4 e6 3. Nc3 Nf6 4. Nf3 c6 5. e3 Nbd7 6. Bd3 dxc4 7. Bxc4 b5 8. Bd3
Bb7 9. O-O a6 10. e4 c5 11. d5 Qc7 12. dxe6 fxe6 13. Bc2 c4 14. Ng5 Nc5 15. e5
1-0

[Event "AUTO-OPEN-925"]
[Site "http://www.queenalice.com/game.php?id=435281"]
[Date "2008.7.18"]
[Round "2"]
[White "gomery"]
[Black "K19"]
[Result "0-1"]
[WhiteElo "1821"]
[BlackElo "2214"]

1. e4 e6 2. d4 d5 3. Nc3 Bb4 4. e5 c5 5. a3 Bxc3+ 6. bxc3 Ne7 7. Qg4 O-O 8. Bd3
c4 9. Bh6 Ng6 10. Bxg6 fxg6 11. Bc1 Nc6 12. Nf3 Qa5 13. Bd2 Ne7 0-1

[Event "AUTO-ADV-733"]
[Site "http://www.queenalice.com/game.php?id=436428"]
[Date "2008.7.20"]
[Round "2"]
[White "K19"]
[Black "Alaune"]
[Result "1-0"]
[WhiteElo "2228"]
[BlackElo "1827"]

1. Nf3 Nc6 2. e4 e5 3. Bb5 d6 4. d4 Bd7 5. Nc3 h6 6. Bxc6 Bxc6 7. dxe5 dxe5 8.
Qxd8+ Rxd8 9. Nxe5 Ne7 10. Bf4 g6 11. Ng4 Bg7 12. Bxc7 Rc8 13. Be5 Bxe5 14. Nxe5
O-O 15. O-O-O Rc7 16. Nd5 Nxd5 17. exd5 Bb5 18. d6 Rcc8 19. d7 Rcd8 20. c4 Ba6
21. b4 b6 22. b5 Bb7 23. Nc6 1-0

[Event "AUTO-ADV-733"]
[Site "http://www.queenalice.com/game.php?id=436429"]
[Date "2008.7.20"]
[Round "2"]
[White "Alaune"]
[Black "K19"]
[Result "0-1"]
[WhiteElo "1810"]
[BlackElo "2211"]

1. e4 Nf6 2. Nc3 d5 3. exd5 Nxd5 4. Nxd5 Qxd5 5. Nf3 Nc6 6. d4 e5 7. c4 Qe4+ 8.
Qe2 Qxe2+ 9. Bxe2 e4 10. Ng5 Nxd4 0-1

[Event "AUTO-ADV-733"]
[Site "http://www.queenalice.com/game.php?id=436430"]
[Date "2008.7.20"]
[Round "2"]
[White "K19"]
[Black "Pele"]
[Result "1-0"]
[WhiteElo "2268"]
[BlackElo "1937"]

1. d4 d5 2. c4 e6 3. Nc3 Nf6 4. Nf3 a6 5. Bg5 Be7 6. e3 O-O 7. cxd5 exd5 8. Qb3
c6 9. Bd3 h6 10. Bh4 Qc7 11. Bg3 Bd6 12. Bxd6 Qxd6 13. O-O b5 14. a4 Bg4 15.
axb5 Bxf3 16. gxf3 cxb5 17. Nxb5 Qb6 18. Ra3 Nbd7 19. Nc3 Qe6 20. Rfa1 Nh7 21.
Qxd5 Ng5 22. Qxe6 Nxf3+ 23. Kg2 fxe6 24. Be4 Ng5 25. Bxa8 Rxa8 26. Rxa6 Rb8 27.
Ra8 Kh7 28. Rxb8 Nxb8 29. f4 1-0

[Event "AUTO-ADV-733"]
[Site "http://www.queenalice.com/game.php?id=436431"]
[Date "2008.7.20"]
[Round "2"]
[White "Pele"]
[Black "K19"]
[Result "0-1"]
[WhiteElo "1934"]
[BlackElo "2270"]

1. e4 e6 2. b3 Nf6 3. Bb2 Nxe4 4. Nf3 d5 5. Nc3 Bc5 6. d4 Bb4 7. Qd3 O-O 8.
O-O-O Nxf2 9. Qe3 Nxd1 10. Kxd1 Nd7 11. h4 c5 12. h5 Qf6 13. h6 cxd4 14. Nxd4
Bc5 15. Na4 Bxd4 16. Bxd4 e5 17. Bb2 d4 18. Qg3 a6 19. Ba3 b5 20. Bxf8 Kxf8 21.
Nb2 g6 22. Be2 Bb7 23. Nd3 Rc8 24. Rf1 Qc6 25. Nb4 Qxg2 26. Qf2 Qxf2 27. Rxf2 f5
28. Nd3 e4 0-1

[Event "AUTO-OPEN-903"]
[Site "http://www.queenalice.com/game.php?id=450972"]
[Date "2008.8.20"]
[Round "3"]
[White "Papuchu"]
[Black "K19"]
[Result "1-0"]
[WhiteElo "2397"]
[BlackElo "2297"]

1. d4 Nf6 2. c4 g6 3. Nc3 Bg7 4. e4 d6 5. Nf3 O-O 6. h3 c5 7. d5 Nfd7 8. Bf4 Qa5
9. Qd2 Qb4 10. Rc1 Nb6 11. b3 a5 12. Bh6 a4 13. Bxg7 Kxg7 14. Rb1 Qa5 15. Be2
axb3 16. axb3 Na6 17. h4 h5 18. O-O Nb4 19. Nb5 f6 20. Qc3 Bd7 21. Ra1 Na2 22.
Qc2 Bxb5 23. cxb5 Ra7 24. b4 cxb4 25. Nd4 Rc8 26. Qd1 Nd7 27. Bg4 Nc3 28. Rxa5
Rxa5 29. Bxd7 Nxd1 30. Bxc8 Nc3 31. f3 b6 32. Kh2 Ra3 33. Rc1 b3 34. Rxc3 b2 35.
Rxa3 b1=Q 36. Bh3 f5 37. exf5 gxf5 38. Nxf5+ Kf6 39. Re3 Qb4 40. Re6+ 1-0

[Event "AUTO-OPEN-903"]
[Site "http://www.queenalice.com/game.php?id=450973"]
[Date "2008.8.20"]
[Round "3"]
[White "K19"]
[Black "Papuchu"]
[Result "1/2-1/2"]
[WhiteElo "2288"]
[BlackElo "2404"]

1. Nf3 d5 2. c4 d4 3. b4 f6 4. e3 e5 5. a3 a5 6. b5 d3 7. Nxe5 fxe5 8. Qh5+ Ke7
9. Qxe5+ Kf7 10. Nc3 Nf6 11. Bb2 Bd6 12. Qd4 Bf5 13. c5 Be7 14. Qf4 g6 15. f3 h6
16. h4 Nh5 17. Qh2 Nf6 18. g4 Be6 19. Rc1 Nbd7 20. Ne4 Nxe4 21. fxe4 Bf6 22. e5
Be7 23. Bd4 b6 24. cxb6 cxb6 25. Rc6 Rc8 26. Bxd3 Rxc6 27. O-O+ Kg7 28. bxc6 Nc5
29. Bc2 Rf8 30. Rxf8 Qxf8 31. g5 hxg5 32. hxg5 Bxg5 33. Qg2 Kh6 34. c7 Qe8 35.
Qh2+ Kg7 36. Qg2 Kh6 37. Qh2+ 1/2-1/2

[Event "Challenge"]
[Site "http://www.queenalice.com/game.php?id=462083"]
[Date "2008.9.12"]
[Round "-"]
[White "zonszein"]
[Black "K19"]
[Result "0-1"]
[WhiteElo "2156"]
[BlackElo "2237"]

1. e4 Nf6 2. e5 Nd5 3. d4 d6 4. Nf3 g6 5. c4 Nb6 6. exd6 cxd6 7. Be3 Bg7 8. Nc3
O-O 9. Be2 Bg4 10. h3 Bxf3 11. Bxf3 Nc6 12. b3 f5 13. Bxc6 bxc6 14. Qd2 d5 15.
c5 Nd7 16. Bh6 Bxh6 17. Qxh6 e5 18. O-O f4 19. dxe5 Nxe5 20. Rad1 Rf5 21. Ne4
Nf7 0-1

[Event "Challenge"]
[Site "http://www.queenalice.com/game.php?id=462084"]
[Date "2008.9.12"]
[Round "-"]
[White "K19"]
[Black "zonszein"]
[Result "1-0"]
[WhiteElo "2255"]
[BlackElo "2130"]

1. Nf3 Nf6 2. d4 g6 3. c4 Bg7 4. g3 O-O 5. Bg2 c5 6. O-O cxd4 7. Nxd4 d6 8. Nc3
a6 9. b3 Qc7 10. Bb2 Bd7 11. Rc1 Nc6 12. Nd5 Qd8 13. Nxc6 Bxc6 14. Nxf6+ Bxf6
15. Bxf6 Bxg2 16. Bxe7 Qxe7 17. Kxg2 Rfe8 18. Rc2 Rac8 19. Qd3 b5 20. Rd1 bxc4
21. Rxc4 Rxc4 22. Qxc4 Qxe2 23. Qxe2 Rxe2 24. a3 Re6 25. Rd5 Kf8 26. Ra5 Ke7 27.
Rxa6 d5 28. Rxe6+ fxe6 29. f4 h5 30. Kf3 Kd6 31. b4 Kc6 32. a4 Kb6 33. Ke3 Kc6
34. Kd4 Kd6 35. b5 Kc7 36. Kc5 1-0

[Event "AUTO-OPEN-926"]
[Site "http://www.queenalice.com/game.php?id=477644"]
[Date "2008.10.15"]
[Round "2"]
[White "K19"]
[Black "Dadcol"]
[Result "1-0"]
[WhiteElo "2263"]
[BlackElo "1840"]

1. Nf3 e6 2. g3 d5 3. c4 c6 4. Bg2 Nf6 5. d4 dxc4 6. O-O Nbd7 7. Qc2 Be7 8. Qxc4
O-O 9. Nc3 Nb6 10. Qd3 Nbd5 11. e4 Nb4 12. Qb1 b5 13. Be3 Bb7 14. a3 Na6 15. Ne5
Nc7 16. Rd1 Qc8 17. Qc2 a5 18. Ne2 Nce8 19. a4 b4 20. Rac1 Ra6 21. b3 g6 22. d5
exd5 23. exd5 c5 24. Nc6 Bd6 25. Bxc5 Qc7 26. Ned4 Nd7 27. Nb5 Qc8 28. Nxd6 Qc7
29. Ne7+ Kg7 30. Bd4+ Ndf6 31. Nxe8+ 1-0

[Event "AUTO-OPEN-926"]
[Site "http://www.queenalice.com/game.php?id=477645"]
[Date "2008.10.15"]
[Round "2"]
[White "Dadcol"]
[Black "K19"]
[Result "0-1"]
[WhiteElo "1827"]
[BlackElo "2254"]

1. d4 Nf6 2. c4 g6 3. Nc3 Bg7 4. Nf3 d5 5. cxd5 Nxd5 6. e4 Nxc3 7. bxc3 c5 8.
Bc4 O-O 9. O-O Nc6 10. Be3 Bg4 11. Rc1 cxd4 12. h3 Bxf3 13. Qxf3 Ne5 14. Qe2
dxe3 15. Bd5 exf2+ 16. Kxf2 e6 17. Bxb7 Nd3+ 18. Kg1 Qb6+ 19. Kh1 Nxc1 0-1

[Event "AUTO-ADV-713"]
[Site "http://www.queenalice.com/game.php?id=537295"]
[Date "2009.2.9"]
[Round "3"]
[White "K19"]
[Black "guzanito"]
[Result "1-0"]
[WhiteElo "2291"]
[BlackElo "2211"]

1. Nf3 d6 2. g3 e5 3. Bg2 f5 4. d3 Nf6 5. c4 Be7 6. Nc3 O-O 7. O-O c6 8. b4 Na6
9. Rb1 Nc7 10. b5 Qe8 11. bxc6 bxc6 12. Qa4 Ne6 13. Ba3 Bd7 14. c5 d5 15. Nxe5
f4 16. d4 Bd8 17. Nxd5 Nxd5 18. Bxd5 cxd5 19. Qxd7 Bc7 20. Rb7 Bxe5 21. dxe5
Qxd7 22. Rxd7 Rad8 23. Rb7 Rf7 24. c6 Rc8 25. Rc1 fxg3 26. hxg3 Nd4 27. Rc5 Rfc7
28. Rxd5 Nxc6 29. Rxc7 Rxc7 30. e6 1-0

[Event "AUTO-ADV-713"]
[Site "http://www.queenalice.com/game.php?id=537296"]
[Date "2009.2.9"]
[Round "3"]
[White "guzanito"]
[Black "K19"]
[Result "0-1"]
[WhiteElo "2216"]
[BlackElo "2278"]

1. e4 Nf6 2. Nc3 d5 3. exd5 Nxd5 4. Bc4 Nb6 5. Bb3 Nc6 6. Nge2 e5 7. d3 Be7 8.
O-O O-O 9. f4 a5 10. a4 Be6 11. Bxe6 fxe6 12. Ne4 Qd7 13. Be3 Nd5 14. Bd2 exf4
15. Nxf4 Rf5 16. Ng3 Rf7 17. Qg4 Nxf4 18. Rxf4 Ne5 19. Qh3 Raf8 20. Raf1 Rxf4
21. Rxf4 Rxf4 22. Bxf4 Qd4+ 0-1

[Event "AUTO-OPEN-926"]
[Site "http://www.queenalice.com/game.php?id=545591"]
[Date "2009.2.24"]
[Round "3"]
[White "dimis283"]
[Black "K19"]
[Result "0-1"]
[WhiteElo "2158"]
[BlackElo "2301"]

1. c4 e5 2. Nc3 Nf6 3. g3 Bb4 4. Bg2 O-O 5. Nf3 Nc6 6. O-O d6 7. d3 h6 8. Bd2
Be6 9. a3 Bc5 10. b4 Bb6 11. Na4 e4 12. Ne1 Re8 13. c5 dxc5 14. bxc5 Nd4 15. Rb1
Bg4 16. f3 Nxe2+ 17. Kh1 exf3 18. Bxf3 Qd7 19. cxb6 Bxf3+ 20. Nxf3 Qh3 21. Bf4
Nh5 22. Rg1 Nhxf4 23. gxf4 Qxf3+ 24. Rg2 axb6 25. Nc3 Rxa3 26. Nxe2 Ra2 27. Qf1
Qxf1+ 28. Rxf1 Rexe2 29. Rxe2 Rxe2 30. Rc1 c6 31. Ra1 g6 32. Ra8+ Kg7 33. Rb8
Re7 34. Kg2 Rd7 35. Kf2 Rxd3 36. Rxb7 b5 37. Rc7 Rc3 0-1

[Event "AUTO-OPEN-926"]
[Site "http://www.queenalice.com/game.php?id=545592"]
[Date "2009.2.24"]
[Round "3"]
[White "K19"]
[Black "dimis283"]
[Result "1-0"]
[WhiteElo "2288"]
[BlackElo "2174"]

1. Nf3 g6 2. e4 Bg7 3. d4 d6 4. Be2 Nf6 5. Nc3 O-O 6. O-O c6 7. h3 Nbd7 8. Be3
e5 9. dxe5 dxe5 10. Qd6 Re8 11. Bc4 Bf8 12. Qd2 b5 13. Bb3 a5 14. Ng5 Re7 15. f4
a4 16. Bxf7+ Rxf7 17. fxe5 Qe7 18. exf6 Rxf6 19. Rxf6 Qxf6 20. Nd5 Qd6 21. Qf2
1-0

[Event "AUTO-OPEN-923"]
[Site "http://www.queenalice.com/game.php?id=606767"]
[Date "2009.6.21"]
[Round "3"]
[White "K19"]
[Black "Ikki_de_Fenix"]
[Result "1-0"]
[WhiteElo "2309"]
[BlackElo "2477"]

1. d4 Nf6 2. c4 e6 3. Nf3 b6 4. Nc3 Bb7 5. a3 d5 6. cxd5 Nxd5 7. Qc2 Nxc3 8.
bxc3 Nd7 9. e4 c5 10. Bf4 cxd4 11. cxd4 Rc8 12. Qb3 Be7 13. Bd3 Nf6 14. Qb5+ Bc6
15. Qb1 O-O 16. O-O Qd7 17. Re1 Qb7 18. Bd2 Rfd8 19. e5 Nd5 20. Bxh7+ Kh8 21.
Qd3 Ba4 22. Rac1 Rxc1 23. Rxc1 Bb5 24. Qxb5 1-0

[Event "AUTO-OPEN-923"]
[Site "http://www.queenalice.com/game.php?id=606768"]
[Date "2009.6.21"]
[Round "3"]
[White "Ikki_de_Fenix"]
[Black "K19"]
[Result "0-1"]
[WhiteElo "2466"]
[BlackElo "2326"]

1. e4 Nf6 2. e5 Nd5 3. c4 Nb6 4. d4 d6 5. exd6 exd6 6. Nc3 Be7 7. Bd3 O-O 8. Nf3
Nc6 9. O-O Bf6 10. Be3 Re8 11. b3 Bg4 12. Be4 a5 13. Qd2 Qd7 14. Rae1 a4 15. h3
Bh5 16. Qd3 Nb4 17. Qb1 Rxe4 18. Qxe4 d5 19. cxd5 Bg6 20. Qg4 Qxg4 21. hxg4 Bd3
22. d6 axb3 23. axb3 cxd6 24. g5 Bxf1 0-1